Tα πιο ωραία βιβλία της νεοελληνικής και της παγκόσμιας λογοτεχνίας 1945-1947
Αποθηκεύτηκε σε:
| Άλλοι συγγραφείς: | |
|---|---|
| Μορφή: | Βιβλίο |
| Γλώσσα: | Greek |
| Δημοσίευση: |
[χ.τ.] :
Οι φίλοι του Βιβλίου,
[χ.χ.].
|
| Θέματα: | |
| Ετικέτες: |
Προσθήκη ετικέτας
Δεν υπάρχουν, Καταχωρήστε ετικέτα πρώτοι!
|
MARC
| LEADER | 00000cam a2200000 a 4500 | ||
|---|---|---|---|
| 001 | 1/122060 | ||
| 008 | 200910quuuu####gr | ||| |||| ||gre|| | ||
| 040 | |a GR-MyUa |b gre |c GR-MyUa |e AACR2 | ||
| 041 | 0 | |a gre | |
| 082 | 7 | |a 011.73 |2 (23) | |
| 245 | 0 | 3 | |a Tα πιο ωραία βιβλία της νεοελληνικής και της παγκόσμιας λογοτεχνίας 1945-1947 / |c επιμέλεια : Νάσος Δετζώρτζης. |
| 260 | |a [χ.τ.] : |b Οι φίλοι του Βιβλίου, |c [χ.χ.]. | ||
| 300 | |a [χ.α.] ; |c 15 εκ. | ||
| 650 | 0 | |a Books and reading |z Greece. | |
| 650 | 0 | |a Books |z Greece |x Catalogs. | |
| 700 | 1 | |a Δετζώρτζης, Νάσος Ε., |d 1911-2003, |e edt | |
| 852 | |a INST |b RHODES |e 20200910 |h 011.73 ΩΡΑ |p 005400041702 |q 005400041702 |t BK |y 0 | ||
| 920 | |a Βιβλιοθήκη Τράπεζας της Ελλάδος |y Ρόδος |z 2020-08 | ||
| 970 | |a Μαρία |b Κωτάκου |z 10-09-2020 | ||